Satakunnan kuntien vaakunat 2025 (keltainen laatikko) - Statistics

Yleistilastot
  • Tätä visaa on pelattu 129 kertaa
    125 viimeisimmän päivityksen jälkeen
  • Keskiarvotulos 14 / 16
Vastaustilastot
Kuvavisa Vastaus % Oikein
Pori
100%
Rauma
100%
Eura
94%
Siikainen
94%
Merikarvia
92%
Nakkila
92%
Ulvila
92%
Eurajoki
90%
Huittinen
90%
Säkylä
90%
Karvia
88%
Kankaanpää
87%
Kokemäki
85%
Harjavalta
83%
Pomarkku
81%
Jämijärvi
79%
Ehtoja vastaavia visoja ei löytynyt
Tulosjakauma
Jokaisen tuloksen saaneiden osuus
Persentiili vastausten määrän mukaan
Tuloshistoriasi
Et ole pelannut tätä visaa sen viimeisimmän päivityksen jälkeen